000 00705cab a2200253 4500
001 WB3301-72
008 090401t1996 xxu||||| |||| 00| 0 eng d
035 _a(Sirsi) u13272
041 _aeng
245 _aSelective cattle cull
260 _c1996
350 _a0
490 _aMAFF News Release
_v(410) 16 December 1996, (3)
520 _aThe selective cull of cattle most at risk of BSE is to go ahead.
650 _aBEEF INDUSTRY
650 _aBSE
650 _aCATTLE CULL
650 _aCERTIFIED HERD SCHEME
650 _aPROPERTY-RURAL AND NATURAL ASSETS-AGRICULTURAL PROPERTY-LIVESTOCK
650 _aSELECTIVE CULL
690 _aRURAL PRACTICE
942 _n0
948 _c04/03/1997
999 _c8550
_d8550